| 000 | 00501nam a22001817a 4500 | ||
|---|---|---|---|
| 001 | 2891 | ||
| 003 | BD-DhBUF | ||
| 005 | 20251203151213.0 | ||
| 008 | 251203b bg ||||| |||| 00| 0 ben d | ||
| 020 | _a9781529005356 | ||
| 040 |
_aBD-DhBUF _cBD-DhBUF |
||
| 100 | _aHarvey, Sarah | ||
| 245 |
_aKaizen : _bthe japanese method for -transforming habits, one small step at a time / _c Sarah Harvey, |
||
| 260 |
_aLondon : _bBluebird, _c2019 |
||
| 300 |
_a272p. : _c21cm. ; |
||
| 526 | _aIE | ||
| 942 |
_2ddc _cBK |
||
| 999 |
_c2891 _d2891 |
||